Essex or Suffolk? — Click Quiz - Statistics

General Stats
  • This quiz has been taken 637 times
  • The average score is 19 of 30
Answer Stats
Hint Answer % Correct
Manningtree Essex
82%
Lavenham Suffolk
80%
Harwich Essex
79%
Felixstowe Suffolk
79%
Sudbury Suffolk
78%
Long Melford Suffolk
77%
Tilbury Juxta Clare Essex
75%
Earls Colne Essex
72%
Thaxted Essex
70%
Cavendish Suffolk
70%
Finchingfield Essex
69%
Kersey Suffolk
69%
Great Cornard Suffolk
67%
Great Bentley Essex
65%
Wix Essex
63%
Brantham Suffolk
63%
Alpheton Suffolk
62%
Stoke-by-Nayland Suffolk
62%
Boxford Suffolk
59%
Radwinter Essex
58%
East Bergholt Suffolk
56%
Stratford St Mary Suffolk
56%
Dedham Essex
55%
Borley Essex
54%
West Bergholt Essex
54%
Mount Bures Essex
53%
Pentlow Essex
51%
Withersfield Suffolk
49%
Wormingford Essex
46%
Wixoe Suffolk
44%
No matching quizzes found
Score Distribution
Percent of People with Each Score
Percentile by Number Answered
Your Score History
You have not taken this quiz